Metódy výpočtu výšky splátok pri úverových produktoch bakalárska práca

Salvato in:
Dettagli Bibliografici
Autore principale: Hronská, Anna
Ente Autore: Fakulta hospodárskej informatiky EU. Katedra matematiky a aktuárstva
Altri autori: Strešňáková, Anna, 1976-
Natura: Libro
Lingua:slovacco
Pubblicazione: Bratislava 2022
Tags: Aggiungi Tag
Nessun Tag, puoi essere il primo ad aggiungerne!!

MARC

LEADER 00000nbm a2200000 4500
001 0286190
005 20221215092453.5
041 0 |a slo 
044 |a SK 
245 1 0 |a Metódy výpočtu výšky splátok pri úverových produktoch  |b bakalárska práca  |c Anna Hronská ; školiteľ: Anna Strešňáková 
264 1 |a Bratislava  |c 2022 
300 |a 50 s. 
100 1 |a Hronská, Anna 
700 1 |a Strešňáková, Anna, 1976- 
710 2 |a Fakulta hospodárskej informatiky EU. Katedra matematiky a aktuárstva